Neprivodimyje kopredstavlenija magnitnych prostranstvennych grupp s antipovorotom : Teorija i tablicy /

Uloženo v:
Podrobná bibliografie
Hlavní autor: Kovalev, Oleg Vladimirovič
Další autoři: Gorbanjuk, Anatolij Grigorjevič
Médium: Kniha
Jazyk:ruština
Vydáno: Kijev : Naukova dumka, 1985
On-line přístup: Získat plný text
Tagy: Přidat tag
Žádné tagy, Buďte první, kdo vytvoří štítek k tomuto záznamu!

MARC

LEADER 00000nam a2200000 4500
003 SK-BrCVT
005 20220617153451.0
008 880101s1985 rur e ||||||rus d
035 |a CVTIDW0904295 
040 |b slo  |a CVTI SR 
041 0 |a rus 
044 |a rur 
080 |a 537.6/.8  |2 UDC-MRF 
100 1 |a Kovalev, Oleg Vladimirovič 
242 1 0 |a Nerozložiteľné zobrazenia magnetických priestorových grúp s antiobrátkou. Teória a tabuľky 
245 1 0 |a Neprivodimyje kopredstavlenija magnitnych prostranstvennych grupp s antipovorotom :  |b Teorija i tablicy /  |c Oleg Vladimirovič Kovalev, Anatolij Grigorjevič Gorbanjuk 
260 |a Kijev :  |b Naukova dumka,  |c 1985 
300 |a 307 s. 
692 |a Ko MM 
700 1 |a Gorbanjuk, Anatolij Grigorjevič 
910 |b A477028 
974 |f Knihy 
992 |a AMG 
999 |c 50303  |d 50303